000 00792nam a2200253Ia 4500
003 OSt
005 20220930193803.0
006 a|||||r|||| 00| 0
007 ta
008 220926b |||||||| |||| 00| 0 eng d
024 _a11959
037 _cDissertations
040 _aCRL
_cCRL
_beng
041 _2eng
_aeng
100 _aRao Sarasavani V
_9562656
110 _aUniversity of Delhi. Faculty of Medical Sciences. Department of Medicine
245 0 _aDigital arteriopathy in rheumatoid arthritis
260 _c1972
650 _aMEDICINE
700 _a Dr R C Mishra Supervisor
_9562657
700 _aUniversity of Delhi. Faculty of Medical Sciences. Department of Medicine
942 _cDIS
_2CC
999 _c896917
_d896917